[Event "Saarland-ch C 85th"]
[Site "Homburg"]
[Date "2010.04.01"]
[Round "7"]
[White "Luy, Markus"]
[Black "Prein, Timm"]
[Result "1-0"]
[WhiteElo "1442"]
[BlackElo "1343"]
[PlyCount "71"]
[EventDate "2010.03.28"]
[EventType "swiss"]
[EventRounds "9"]
[EventCountry "GER"]
[SourceTitle "EXT 2011"]
[Source "ChessBase"]
[SourceDate "2010.11.26"]
[SourceVersion "1"]
[SourceVersionDate "2010.11.26"]
[SourceQuality "1"]

1. e4 e5 2. Nf3 Nc6 3. Bc4 Bc5 4. d3 Nge7 5. Nc3 d6 6. 0-0 Bg4 7. Bxf7+ Kd7 8. h3 Qf8 9. hxg4 Qxf7 10. Be3 Bb6 11. d4 exd4 12. Bxd4 h5 13. g5 Nxd4 14. Nxd4 Bxd4 15. Qxd4 h4 16. f4 h3 17. g3 Nc6 18. Qd5 Qxd5 19. Nxd5 Rae8 20. Rae1 a5 21. c3 b5 22. f5 Re5 23. Rf4 Ne7 24. Nxe7 Kxe7 25. Kh2 Kf7 26. Rh4 Rxh4 27. gxh4 Rc5 28. Kxh3 b4 29. Re3 Re5 30. c4 c6 31. Kg4 d5 32. cxd5 cxd5 33. Kf4 Rxe4+ 34. Rxe4 dxe4 35. Kxe4 Ke7 36. Ke5 1-0

[Event "Saarland-ch C"]
[Site "Schiffweiler"]
[Date "2009.04.09"]
[Round "7"]
[White "Prein, Timm"]
[Black "Keller, Norbert"]
[Result "1-0"]
[WhiteElo "1242"]
[BlackElo "1155"]
[PlyCount "123"]
[EventDate "2009.04.03"]
[EventType "swiss"]
[EventRounds "9"]
[EventCountry "GER"]
[SourceTitle "EXT 2012"]
[Source "ChessBase"]
[SourceDate "2011.11.24"]
[SourceVersion "1"]
[SourceVersionDate "2011.11.24"]
[SourceQuality "1"]

1. e4 e5 2. Bc4 Bc5 3. Nc3 Nf6 4. Nf3 d6 5. h3 Nc6 6. d3 h6 7. 0-0 Nd4 8. Nxd4 Bxd4 9. Ne2 c6 10. Nxd4 exd4 11. Re1 0-0 12. Bd2 a5 13. a3 b5 14. Ba2 Ra7 15. Qf3 c5 16. Bb3 Re7 17. Kf1 Ba6 18. c3 Nd7 19. Qg3 Kh8 20. Qxd6 c4 21. dxc4 Re6 22. Qxd4 Qc7 23. Kg1 Rd8 24. Be3 bxc4 25. Bc2 Ne5 26. Qa7 Qc8 27. Qc5 Nf3+ 28. gxf3 Rg6+ 29. Kh2 Qb8+ 30. f4 Bb7 31. Rg1 Rxg1 32. Rxg1 g6 33. Bd4+ Rxd4 34. Qxd4+ Kg8 35. e5 Qe8 36. Rd1 Qc6 37. Qd8+ Kh7 38. f3 Qxf3 39. Bxg6+ Kxg6 40. Qf6+ Kh5 41. Qxf7+ Kh4 42. Qf6+ Kh5 43. Qf5+ Kh4 44. Qg4+ Qxg4 45. hxg4 Kxg4 46. Rf1 Kf5 47. Kg3 Bc6 48. Rd1 h5 49. Rd6 h4+ 50. Kxh4 Kxf4 51. Rxc6 Kxe5 52. Rxc4 Kd5 53. Rc8 a4 54. Kg3 Ke4 55. Rc4+ Kd3 56. Rxa4 Kc2 57. Rb4 Kd3 58. a4 Kc2 59. a5 Kb1 60. c4 Kc2 61. c5 Kc1 62. Rd4 1-0

[Event "Saarland-ch C"]
[Site "Schiffweiler"]
[Date "2009.04.07"]
[Round "5"]
[White "Prein, Timm"]
[Black "Engel, Markus"]
[Result "1/2-1/2"]
[WhiteElo "1242"]
[BlackElo "1437"]
[PlyCount "126"]
[EventDate "2009.04.03"]
[EventType "swiss"]
[EventRounds "9"]
[EventCountry "GER"]
[SourceTitle "EXT 2012"]
[Source "ChessBase"]
[SourceDate "2011.11.24"]
[SourceVersion "1"]
[SourceVersionDate "2011.11.24"]
[SourceQuality "1"]

1. e4 e5 2. Nc3 Nf6 3. Bc4 Nc6 4. d3 Nd4 5. Nf3 d6 6. Ng5 Be6 7. Nxe6 Nxe6 8. Nd5 c6 9. Nxf6+ Qxf6 10. c3 Be7 11. 0-0 0-0-0 12. Be3 Kb8 13. Qb3 h5 14. Rad1 h4 15. Ba6 Rd7 16. Bc4 h3 17. f3 hxg2 18. Rf2 Nf4 19. Bxf4 Qxf4 20. Rxg2 Bd8 21. Qc2 Qxf3 22. Rxg7 d5 23. Rg3 Qh5 24. Bb3 f5 25. exf5 Qxf5 26. d4 e4 27. Rf1 Qe6 28. Qe2 Rdh7 29. Rg2 Bc7 30. Rff2 e3 31. Rf3 Bxh2+ 32. Kf1 Bf4 33. Rxf4 Rh1+ 34. Rg1 Qh3+ 35. Qg2 e2+ 36. Kxe2 Rh2 37. Rf2 Rxg2 38. Rfxg2 Re8+ 39. Kd2 Qe3+ 40. Kc2 Rf8 41. Rg8 Rxg8 42. Rxg8+ Kc7 43. a3 Kb6 44. Kb1 Qe1+ 45. Ka2 Qd2 46. Rg6 Ka5 47. Rg7 Ka6 48. Rg6 Qd3 49. Re6 Qf5 50. Re5 Qd7 51. Rg5 Kb6 52. Re5 Kc7 53. a4 a6 54. Ka1 Kd8 55. Kb1 Qc7 56. Bc2 b5 57. axb5 axb5 58. Bb3 Qb6 59. Kc2 b4 60. Rg5 bxc3 61. bxc3 Qa6 62. Kb2 Qe2+ 63. Bc2 Qb5+ 1/2-1/2